|
|
|
|
| LEADER |
01873nam a2200505 4500 |
| 001 |
ocn922324082 |
| 003 |
OCoLC |
| 005 |
20170419035142.0 |
| 006 |
m o d |
| 007 |
cr cnu|||unuuu |
| 008 |
150928s2015 mau ob 001 0 eng d |
| 040 |
|
|
|a N$T
|b eng
|e rda
|e pn
|c N$T
|d N$T
|d IDEBK
|d CDX
|d CUS
|d YDXCP
|d OCLCF
|d OHI
|d COCUF
|d K6U
|d GrThAP
|
| 020 |
|
|
|a 9781119041443
|q electronic bk.
|
| 020 |
|
|
|a 1119041449
|q electronic bk.
|
| 020 |
|
|
|z 9781119041429
|
| 020 |
|
|
|a 9781119041450
|
| 020 |
|
|
|a 1119041457
|
| 029 |
1 |
|
|a GBVCP
|b 838952321
|
| 035 |
|
|
|a (OCoLC)922324082
|
| 050 |
|
4 |
|a R857.P6
|
| 072 |
|
7 |
|a MED
|x 071000
|2 bisacsh
|
| 082 |
0 |
4 |
|a 615.1/9
|2 23
|
| 049 |
|
|
|a MAIN
|
| 245 |
0 |
0 |
|a Handbook of polymers for pharmaceutical technologies.
|n volume 3.
|p Biodegradable polymers /
|c edited by Vijay Kumar Thakur and Manju Kumari Thakur.
|
| 246 |
3 |
1 |
|a Biodegradable polymers
|
| 264 |
|
1 |
|a Beverly, MA :
|b Scrivener Publishing,
|c 2015.
|
| 264 |
|
4 |
|c Ã2015
|
| 300 |
|
|
|a 1 online resource.
|
| 336 |
|
|
|a text
|b txt
|2 rdacontent
|
| 337 |
|
|
|a computer
|b c
|2 rdamedia
|
| 338 |
|
|
|a online resource
|b cr
|2 rdacarrier
|
| 588 |
0 |
|
|a Online resource; title from PDF title page (EBSCO, viewed September 29, 2015).
|
| 504 |
|
|
|a Includes bibliographical references and index.
|
| 650 |
|
0 |
|a Polymers
|x Therapeutic use.
|
| 650 |
|
0 |
|a Polymers in medicine.
|
| 650 |
|
0 |
|a Pharmaceutical technology.
|
| 650 |
|
7 |
|a MEDICAL / Pharmacology
|2 bisacsh
|
| 650 |
|
7 |
|a Pharmaceutical technology.
|2 fast
|0 (OCoLC)fst01060211
|
| 650 |
|
7 |
|a Polymers in medicine.
|2 fast
|0 (OCoLC)fst01070661
|
| 650 |
|
7 |
|a Polymers
|x Therapeutic use.
|2 fast
|0 (OCoLC)fst01070654
|
| 655 |
|
4 |
|a Electronic books.
|
| 700 |
1 |
|
|a Thakur, Vijay Kumar,
|d 1981-
|e editor.
|
| 700 |
1 |
|
|a Thakur, Manju Kumari,
|e editor.
|
| 856 |
4 |
0 |
|u https://doi.org/10.1002/9781119041450
|z Full Text via HEAL-Link
|
| 994 |
|
|
|a 92
|b DG1
|